Potatoes from gnocchi to mash/ (Record no. 4141)
[ view plain ]
| 000 -LEADER | |
|---|---|
| fixed length control field | 00543nam a22001817a 4500 |
| 003 - CONTROL NUMBER IDENTIFIER | |
| control field | OSt |
| 005 - DATE AND TIME OF LATEST TRANSACTION | |
| control field | 20250822021020.0 |
| 008 - FIXED-LENGTH DATA ELEMENTS--GENERAL INFORMATION | |
| fixed length control field | 250822b |||||||| |||| 00| 0 eng d |
| 020 ## - INTERNATIONAL STANDARD BOOK NUMBER | |
| International Standard Book Number | 1-900518-93-7. |
| 040 ## - CATALOGING SOURCE | |
| Original cataloging agency | DWC-main Lib. |
| Transcribing agency | OC |
| 100 ## - MAIN ENTRY--PERSONAL NAME | |
| Personal name | NICHOLS, ANNIE |
| 245 ## - TITLE STATEMENT | |
| Title | Potatoes from gnocchi to mash/ |
| Statement of responsibility, etc. | NICHOLS, ANNIE |
| 260 ## - PUBLICATION, DISTRIBUTION, ETC. | |
| Place of publication, distribution, etc. | London : |
| Name of publisher, distributor, etc. | Ryland Peters and Small, |
| Date of publication, distribution, etc. | c1999. |
| 300 ## - PHYSICAL DESCRIPTION | |
| Extent | 144 pages : |
| Other physical details | color illustrations ; |
| Dimensions | 23cm. |
| 500 ## - GENERAL NOTE | |
| General note | Include index. |
| 650 ## - SUBJECT ADDED ENTRY--TOPICAL TERM | |
| Topical term or geographic name entry element | Cooking--Potatoes. |
| 942 ## - ADDED ENTRY ELEMENTS (KOHA) | |
| Source of classification or shelving scheme | Dewey Decimal Classification |
| Koha item type | Book Circulation |
| Classification part | Circ. |
| Suppress in OPAC | No |
| 952 ## - LOCATION AND ITEM INFORMATION (KOHA) | |
| -- | |
| Withdrawn status | Lost status | Source of classification or shelving scheme | Damaged status | Not for loan | Home library | Current library | Shelving location | Date acquired | Source of acquisition | Total Checkouts | Full call number | Barcode | Date last seen | Copy number | Price effective from | Koha item type | Uniform Resource Identifier |
|---|---|---|---|---|---|---|---|---|---|---|---|---|---|---|---|---|---|
| Dewey Decimal Classification | HM & Nursing Library | HM & Nursing Library | Circulation | 10/08/2015 | Donation | Circ. 641.3521 N613p 1999 | HMN51151 | 08/22/2025 | c1 | 08/22/2025 | BK-CIRC |